000 00345nam a2200133Ia 4500
003 GCL
008 140319s9999 xx 000 0 ara d
040 _aGCL /
_cGCL
082 0 4 _aط
_b813.02
_bم م
245 1 0 _aالحصان السحرى
260 _a[S.N] :
_bدار الجيل
300 _a47
490 _aمكتبة الطفل العربى
_v0
999 _c57274
_d57274